[Event "41th GRE-ch Women 2018"]
[Site "Thessaloniki"]
[Date "2018.12.13"]
[Round "2"]
[White "Makka, Ioulia"]
[Black "Androni, Konstantina"]
[Result "1/2-1/2"]
[WhiteElo "2065"]
[BlackElo "1912"]
[Annotator "NA"]
[PlyCount "109"]
[EventDate "2018.12.12"]
[EventType "tourn"]
[EventCountry "GRE"]
[SourceTitle "playchess.com"]
[Source "ChessBase"]
[SourceQuality "1"]
[TimeControl "40/5400+30:1800+30"]

1. e4 {[%emt 0:00:00]} d5 {[%emt 0:00:00]} 2. exd5 {[%emt 0:00:00]} Nf6 {[%emt 0:00:00]} 3. Bb5+ {[%emt 0:01:35]} Bd7 {[%emt 0:00:00]} 4. Be2 {[%emt 0:04:32]} Nxd5 {[%emt 0:00:38]} 5. d4 {[%emt 0:01:55]} Bf5 {[%emt 0:03:48]} 6. Nf3 {[%emt 0:01:49]} e6 {[%emt 0:03:33]} 7. O-O {[%emt 0:09:03]} Be7 {[%emt 0:00:18]} 8. a3 {[%emt 0:02:03]} O-O {[%emt 0:01:23]} 9. c4 {[%emt 0:02:09]} Nb6 {[%emt 0:01:58]} 10. Be3 {[%emt 0:07:45]} Nc6 {[%emt 0:03:19]} 11. h3 {[%emt 0:15:53]} Bf6 {[%emt 0:11:43]} 12. Nc3 $11 {[%emt 0:15:27] LiveBook: 57 Games} h5 {[%emt 0:35:25]} 13. b4 {[%emt 0:02:41]} e5 {[%emt 0:04:34]} 14. d5 {[%emt 0:03:49]} e4 {[%emt 0:00:41]} 15. Nd4 {[%emt 0:01:12]} Nxd4 {[%emt 0:05:22]} 16. Bxd4 {[%emt 0:00:08]} h4 {[%emt 0:01:30]} 17. Qd2 {[%emt 0:07:27]} Bxd4 {[%emt 0:03:07]} 18. Qxd4 {[%emt 0:00:06]} Re8 {[%emt 0:00:06]} 19. Rae1 {[%emt 0:05:53]} Nd7 {[%emt 0:01:01]} 20. Bd1 {[%emt 0:02:47]} Qf6 {[%emt 0:07:13]} 21. Qxf6 {[%emt 0:03:22]} Nxf6 {[%emt 0:00:02]} 22. Re3 {[%emt 0:02:02]} a5 {[%emt 0:08:47]} 23. Nb5 {[%emt 0:03:46]} Red8 {[%emt 0:02:36]} 24. Bb3 {[%emt 0:04:12]} c6 {[%emt 0:00:24]} 25. dxc6 {[%emt 0:01:06]} bxc6 {[%emt 0:00:02]} 26. Nc3 {[%emt 0:00:29]} axb4 {[%emt 0:01:30]} 27. axb4 {[%emt 0:00:03]} Rd3 {[%emt 0:00:47]} 28. Bc2 {[%emt 0:01:11]} Rd4 {[%emt 0:00:10]} 29. Bb3 {[%emt 0:01:01]} Be6 {[%emt 0:01:46]} 30. Ne2 {[%emt 0:00:37]} Rd2 {[%emt 0:01:48]} 31. Nf4 {[%emt 0:00:41]} Rb8 {[%emt 0:00:50]} 32. Nxe6 {[%emt 0:00:21]} fxe6 {[%emt 0:00:01]} 33. b5 {[%emt 0:00:44]} cxb5 {[%emt 0:00:28]} 34. cxb5 {[%emt 0:00:07]} Rxb5 {[%emt 0:00:20]} 35. Bxe6+ {[%emt 0:00:07]} Kf8 {[%emt 0:00:18]} 36. Bg4 {[%emt 0:01:05]} Nxg4 {[%emt 0:01:17]} 37. hxg4 {[%emt 0:00:06]} Rb4 {[%emt 0:00:08]} 38. g5 {[%emt 0:01:03]} Rd5 {[%emt 0:01:08]} 39. Rh3 {[%emt 0:00:27]} Rxg5 {[%emt 0:00:15]} 40. Rxh4 {[%emt 0:00:00]} Kf7 {[%emt 0:00:00]} 41. f3 {[%emt 0:06:41]} Rb2 {[%emt 0:01:53]} 42. fxe4+ {[%emt 0:00:35]} Ke6 {[%emt 0:00:10]} 43. Rf2 {[%emt 0:00:51]} Rb1+ {[%emt 0:00:12]} 44. Kh2 {[%emt 0:00:32]} Re1 {[%emt 0:01:56]} 45. Ra2 {[%emt 0:01:19]} Ke7 {[%emt 0:11:13]} 46. Ra7+ {[%emt 0:01:58]} Ke6 {[%emt 0:00:07]} 47. Ra6+ {[%emt 0:00:59]} Ke7 {[%emt 0:00:06]} 48. Ra2 {[%emt 0:01:57]} Ke6 {[%emt 0:00:04]} 49. Rh8 {[%emt 0:02:21]} Rg4 {[%emt 0:04:14]} 50. Ra6+ {[%emt 0:06:37]} Kf7 {[%emt 0:02:00]} 51. Ra7+ {[%emt 0:02:36]} Kg6 {[%emt 0:00:38]} 52. Ra6+ {[%emt 0:00:49]} Kf7 {[%emt 0:00:05]} 53. Ra7+ {[%emt 0:01:05]} Kg6 {[%emt 0:00:03]} 54. Ra6+ {[%emt 0:01:44]} Kf7 {[%emt 0:00:03]} 55. Ra7+ 1/2-1/2

[Event "41th GRE-ch Women 2018"]
[Site "Thessaloniki"]
[Date "2018.12.13"]
[Round "2"]
[White "Skaraki, Antigoni"]
[Black "Fragkou, Eleni"]
[Result "0-1"]
[WhiteElo "2012"]
[BlackElo "2031"]
[Annotator "NA"]
[PlyCount "90"]
[EventDate "2018.12.12"]
[EventType "tourn"]
[EventCountry "GRE"]
[SourceTitle "playchess.com"]
[Source "ChessBase"]
[SourceQuality "1"]
[TimeControl "40/5400+30:1800+30"]

1. e4 {[%emt 0:00:00]} e5 {[%emt 0:00:00]} 2. Nf3 {[%emt 0:00:00]} Nc6 {[%emt 0:00:02]} 3. Nc3 {[%emt 0:00:00]} Nf6 {[%emt 0:00:14]} 4. d4 {[%emt 0:00:00]} exd4 {[%emt 0:00:17]} 5. Nxd4 {[%emt 0:00:01]} Bb4 {[%emt 0:00:26]} 6. Nxc6 {[%emt 0:00:05]} bxc6 {[%emt 0:00:19]} 7. Bd3 {[%emt 0:00:07]} d5 {[%emt 0:02:15]} 8. exd5 cxd5 {[%emt 0:00:34]} 9. O-O {[%emt 0:00:26]} O-O {[%emt 0:00:39]} 10. h3 {[%emt 0:00:26]} h6 {[%emt 0:01:49]} 11. Qf3 {[%emt 0:00:35]} c6 {[%emt 0:01:56]} 12. Bf4 {[%emt 0:00:21]} a5 {[%emt 0:09:22]} 13. Ne2 $11 {[%emt 0:20:15]} Bc5 {[%emt 0:43:07]} 14. Rfe1 {[%emt 0:08:16]} Re8 {[%emt 0:09:58]} 15. Ng3 {[%emt 0:01:56]} Be6 {[%emt 0:01:54]} 16. Rad1 {[%emt 0:17:33]} Nh7 {[%emt 0:06:11]} 17. Bxh6 {[%emt 0:33:55]} gxh6 {[%emt 0:02:30]} 18. Bxh7+ {[%emt 0:00:02]} Kxh7 {[%emt 0:02:10]} 19. Nh5 {[%emt 0:02:39]} Qg5 {[%emt 0:10:30]} 20. Nf6+ {[%emt 0:04:57]} Kg7 {[%emt 0:02:41]} 21. Nxe8+ {[%emt 0:00:18]} Rxe8 {[%emt 0:00:05]} 22. h4 {[%emt 0:02:10]} Qf6 {[%emt 0:00:15]} 23. Rd3 {[%emt 0:06:36]} Qxf3 {[%emt 0:00:20]} 24. Rxf3 {[%emt 0:00:01]} Rb8 {[%emt 0:00:26]} 25. b3 {[%emt 0:00:21]} Rb4 {[%emt 0:00:17]} 26. g3 {[%emt 0:00:37]} Rd4 {[%emt 0:02:54]} 27. Kg2 {[%emt 0:01:10]} Rd2 {[%emt 0:00:16]} 28. c4 {[%emt 0:00:32]} Rxa2 {[%emt 0:00:19]} 29. Rc1 {[%emt 0:00:23]} Ba3 {[%emt 0:01:11]} 30. Rcc3 {[%emt 0:00:21]} Bb4 {[%emt 0:00:56]} 31. Rc1 {[%emt 0:00:22]} Bd2 {[%emt 0:00:23]} 32. cxd5 Bxd5 {[%emt 0:00:08]} 33. Rd1 {[%emt 0:01:29]} Bxf3+ {[%emt 0:00:40]} 34. Kxf3 {[%emt 0:00:03]} Bb4 {[%emt 0:00:27]} 35. Rc1 {[%emt 0:00:54]} c5 {[%emt 0:00:31]} 36. g4 {[%emt 0:00:16]} Rb2 {[%emt 0:00:14]} 37. g5 {[%emt 0:00:17]} Rxb3+ {[%emt 0:00:06]} 38. Kg4 {[%emt 0:00:04]} hxg5 {[%emt 0:00:12]} 39. hxg5 {[%emt 0:00:23]} a4 {[%emt 0:01:16]} 40. f4 {[%emt 0:00:00]} Ba3 {[%emt 0:00:00]} 41. Ra1 {[%emt 0:12:58]} c4 {[%emt 0:05:39]} 42. f5 {[%emt 0:00:10]} c3 {[%emt 0:00:42]} 43. f6+ {[%emt 0:00:53]} Kg6 {[%emt 0:00:27]} 44. Ra2 {[%emt 0:01:35]} Rb4+ {[%emt 0:00:08]} 45. Kf3 {[%emt 0:00:28]} Bb2 {[%emt 0:00:08]} 0-1

[Event "41th GRE-ch Women 2018"]
[Site "Thessaloniki"]
[Date "2018.12.13"]
[Round "2"]
[White "Nikolaidou, Eleni"]
[Black "Petraki, Evaggelia"]
[Result "1/2-1/2"]
[WhiteElo "1707"]
[BlackElo "1756"]
[Annotator "NA"]
[PlyCount "122"]
[EventDate "2018.12.12"]
[EventType "tourn"]
[EventCountry "GRE"]
[SourceTitle "playchess.com"]
[Source "ChessBase"]
[SourceQuality "1"]
[TimeControl "40/5400+30:1800+30"]

1. e4 {[%emt 0:00:00]} c5 {[%emt 0:00:00]} 2. Nf3 {[%emt 0:00:00]} d6 {[%emt 0:00:00]} 3. c3 {[%emt 0:00:00]} Nf6 {[%emt 0:00:00]} 4. Bc4 {[%emt 0:00:32]} e6 {[%emt 0:00:00]} 5. d3 {[%emt 0:01:50]} a6 {[%emt 0:00:28]} 6. O-O {[%emt 0:03:19]} b5 {[%emt 0:00:33]} 7. Bb3 {[%emt 0:00:06]} Bb7 {[%emt 0:00:32]} 8. Qe2 {[%emt 0:05:43]} Nbd7 {[%emt 0:04:53]} 9. Nbd2 {[%emt 0:08:23]} Be7 {[%emt 0:10:25]} 10. Ng5 {[%emt 0:19:56]} h6 {[%emt 0:08:43]} 11. Nh3 {[%emt 0:01:21]} Qb6 {[%emt 0:02:33]} 12. a4 {[%emt 0:03:10]} O-O {[%emt 0:02:26]} 13. a5 {[%emt 0:00:48]} Qc7 {[%emt 0:00:24]} 14. f4 {[%emt 0:15:04]} Rfc8 {[%emt 0:05:15]} 15. Bc2 {[%emt 0:10:08]} e5 {[%emt 0:13:10]} 16. Nf3 {[%emt 0:07:08]} Qc6 {[%emt 0:12:16]} 17. fxe5 {[%emt 0:11:14]} dxe5 {[%emt 0:01:14]} 18. Nh4 {[%emt 0:00:50]} c4 {[%emt 0:01:32]} 19. Nf5 {[%emt 0:00:40]} Bf8 {[%emt 0:07:19]} 20. dxc4 {[%emt 0:01:34]} Qxc4 {[%emt 0:00:27]} 21. Qxc4 {[%emt 0:00:28]} Rxc4 {[%emt 0:00:09]} 22. Bd3 {[%emt 0:01:14]} Rc7 {[%emt 0:00:49]} 23. Nf2 {[%emt 0:02:41]} Nc5 {[%emt 0:01:13]} 24. Bc2 {[%emt 0:01:41]} Ncxe4 {[%emt 0:04:18]} 25. Nxe4 {[%emt 0:00:38]} Nxe4 {[%emt 0:00:15]} 26. Be3 {[%emt 0:01:14]} Rd7 {[%emt 0:08:17]} 27. Rad1 {[%emt 0:01:02]} Rad8 {[%emt 0:00:30]} 28. Rxd7 {[%emt 0:00:24]} Rxd7 {[%emt 0:00:03]} 29. Rd1 {[%emt 0:02:25]} Rxd1+ {[%emt 0:00:04]} 30. Bxd1 {[%emt 0:00:05]} Nd6 {[%emt 0:00:18]} 31. Nxd6 {[%emt 0:00:36]} Bxd6 {[%emt 0:00:04]} 32. g4 {[%emt 0:00:39]} Kf8 {[%emt 0:01:08]} 33. Kf2 {[%emt 0:00:30]} Ke7 {[%emt 0:01:14]} 34. Bb3 {[%emt 0:00:57]} Bc7 {[%emt 0:01:51]} 35. Bc5+ {[%emt 0:00:11]} Ke8 {[%emt 0:00:09]} 36. Bb4 {[%emt 0:00:27]} g6 {[%emt 0:05:26]} 37. Ke3 {[%emt 0:00:37]} f5 {[%emt 0:00:33]} 38. gxf5 {[%emt 0:00:09]} gxf5 {[%emt 0:00:04]} 39. Be6 {[%emt 0:01:05]} f4+ {[%emt 0:00:29]} 40. Kf2 {[%emt 0:00:00]} e4 {[%emt 0:00:00]} 41. Bg4 {[%emt 0:15:19]} Kf7 {[%emt 0:05:37]} 42. b3 {[%emt 0:01:45]} Be5 {[%emt 0:00:51]} 43. c4 {[%emt 0:01:26]} Bd4+ {[%emt 0:04:47]} 44. Kf1 {[%emt 0:01:43]} bxc4 {[%emt 0:02:51]} 45. bxc4 {[%emt 0:00:07]} e3 {[%emt 0:01:42]} 46. Ke2 {[%emt 0:01:02]} Kf6 {[%emt 0:01:36]} 47. h4 {[%emt 0:01:49]} Ke5 {[%emt 0:03:37]} 48. Bf8 {[%emt 0:00:30]} Bg2 {[%emt 0:00:38]} 49. Bf3 {[%emt 0:02:11]} Bxf3+ {[%emt 0:02:18]} 50. Kxf3 {[%emt 0:00:07]} Kf5 {[%emt 0:07:21]} 51. Bxh6 {[%emt 0:00:19]} Bc3 {[%emt 0:00:17]} 52. c5 {[%emt 0:02:27]} Bxa5 {[%emt 0:00:04]} 53. c6 {[%emt 0:02:05]} Bc7 {[%emt 0:03:06]} 54. Bf8 {[%emt 0:04:05]} a5 {[%emt 0:02:00]} 55. h5 {[%emt 0:00:41]} Kg5 {[%emt 0:04:37]} 56. h6 {[%emt 0:00:13]} Kg6 {[%emt 0:00:05]} 57. Ke2 {[%emt 0:00:39]} a4 {[%emt 0:00:12]} 58. Kf3 {[%emt 0:01:00]} Kh7 {[%emt 0:00:06]} 59. Ke2 {[%emt 0:00:55]} Kg8 {[%emt 0:00:08]} 60. Bc5 {[%emt 0:00:59]} Kh7 {[%emt 0:01:06]} 61. Bf8 {[%emt 0:00:12]} Kg8 {[%emt 0:03:05]} 1/2-1/2

[Event "41th GRE-ch Women 2018"]
[Site "Thessaloniki"]
[Date "2018.12.14"]
[Round "3"]
[White "Pavlidou, Ekaterini"]
[Black "Skaraki, Antigoni"]
[Result "1-0"]
[WhiteElo "2185"]
[BlackElo "2012"]
[Annotator "TA"]
[PlyCount "115"]
[EventDate "2018.12.12"]
[EventType "tourn"]
[EventCountry "GRE"]
[SourceTitle "playchess.com"]
[Source "ChessBase"]
[SourceQuality "1"]

{[%evp 13,115,17,60,56,63,58,76,48,93,82,95,90,114,114,107,78,131,153,151,139,170,149,159,124,145,133,136,127,120,137,125,110,112,101,198,170,172,124,153,125,220,146,201,226,302,213,239,188,198,185,186,191,198,191,201,193,224,224,237,257,246,184,168,166,186,194,206,196,202,192,207,172,291,297,260,232,307,301,381,234,212,204,162,185,326,332,446,402,423,256,870,467,441,436,1042,1311,1639,1169,5583,5414,29984,29985,29985,29984]} 1. d4 Nf6 2. c4 g6 3. Nc3 Bg7 4. e4 d6 5. f4 O-O 6. Nf3 c5 7. d5 Bg4 {LiveBook: 25 Games} 8. h3 {E76: King's Indian: Four Pawns Attack: Lines specific to 6 Nf3 move-order} (8. Bd3 Na6 9. h3 Bxf3 10. Qxf3 Nc7 11. O-O a6 12. a4 e6 13. Be3 exd5 14. cxd5 Re8 15. Bf2 Nd7 16. Rad1 {1-0 (40) Iljin,T (2509)-Voloshin,L (2449) Alushta 2011}) 8... Bxf3 9. Qxf3 Nbd7 10. Bd3 {White is better.} Re8 $146 ({Predecessor:} 10... e6 11. O-O exd5 12. cxd5 a6 13. Kh1 b5 14. a4 c4 15. Bc2 b4 16. Ne2 {0-1 (38) Arzymatov,R (1737)-Kenenbaev,A (1682) Bishkek 2013}) 11. O-O e6 12. dxe6 Rxe6 13. g4 Re8 14. Qg2 Qa5 ({Black should try} 14... Nb6) 15. Bd2 $16 Qb6 16. Rab1 Qc6 17. Rbe1 a6 18. a4 Kh8 19. g5 Nh5 20. Be2 {[%cal Bd3e2,Be2d1,Bd1c2][%mdl 32]} Bd4+ 21. Kh2 Ng7 22. Bd1 Ne6 23. h4 Rf8 (23... Bxc3 $16 24. Bxc3+ Nd4) 24. Qh3 Rae8 25. Bc2 Ng7 26. b3 Nb6 (26... h5 $16 27. a5 Ne6) 27. a5 Na8 (27... Nd7 $16 28. Nd5 b5) 28. Ne2 Bb2 29. Ng3 Qc8 30. Qxc8 Rxc8 31. Rb1 Bd4 32. Ne2 Ne6 33. Nxd4 Nxd4 34. Bc3 Nc7 35. Rbd1 f6 36. Bxd4 cxd4 37. gxf6 Rxf6 38. Rxd4 Rcf8 39. Kg3 Ne8 40. f5 Ng7 41. Rd5 Kg8 42. Rfd1 Ne8 (42... gxf5 $142 43. exf5 (43. Rxd6 fxe4 44. Bxe4 Nf5+ 45. Bxf5 Rxf5 $16) 43... Nxf5+ 44. Bxf5 Rxf5) 43. b4 $18 gxf5 44. exf5 R8f7 45. c5 dxc5 46. Re5 Nd6 {[%cal Rd6f5]} 47. bxc5 (47. Rxc5 Nxf5+ 48. Kh3 Nd6 $14) 47... Nxf5+ 48. Kh3 Nh6 (48... Ne7 {was necessary.}) 49. Be4 Rc7 50. Rd8+ Kf7 {and the idea ...Rf4 leaves Black hopeful.} 51. Rb8 Rd7 $2 {[#]} (51... Rf4 52. Bd5+ (52. Bxb7 Nf5 $16) (52. Bxh7 Kf6 $16) 52... Kg6 53. Rxb7 Rxb7 54. Bxb7 Nf7) 52. Rxb7 Rxb7 53. Bxb7 {KRB-KRN} Ng8 (53... Kf8 $142 54. Rh5 Nf7) 54. Bd5+ Kf8 55. c6 {[%cal Bc5c6,Bc6c7][%mdl 32] [#] Black must now prevent c7.} Rf1 56. Bxg8 Kxg8 57. c7 Rf8 58. Rd5 {Accuracy: White = 73%, Black = 33%.} 1-0

[Event "41th GRE-ch Women 2018"]
[Site "Thessaloniki"]
[Date "2018.12.14"]
[Round "3"]
[White "Fragkou, Eleni"]
[Black "Nikolaidou, Eleni"]
[Result "0-1"]
[WhiteElo "2031"]
[BlackElo "1707"]
[Annotator "NA RC"]
[PlyCount "64"]
[EventDate "2018.12.12"]
[EventType "tourn"]
[EventCountry "GRE"]
[SourceTitle "playchess.com"]
[Source "ChessBase"]
[SourceQuality "1"]
[TimeControl "40/5400+30:1800+30"]

{[%evp 10,36,49,32767,32767,27,39,-5,41,25,30,1,20,26,62,19,21,25,21,35,52,29,43,40,33,67,81,22,52]} 1. e4 {[%emt 0:00:00]} c5 {[%emt 0:00:00]} 2. Nf3 {[%emt 0:00:14]} Nc6 {[%emt 0:00:00]} 3. d4 {[%emt 0:00:10]} cxd4 {[%emt 0:00:00]} 4. Nxd4 {[%emt 0:00:11]} d6 {[%emt 0:00:30]} 5. c4 {[%emt 0:04:37]} Qb6 {[%emt 0:03:09]} 6. Nb5 {[%emt 0:05:19]} Nf6 {[%emt 0:05:57]} 7. Bd3 {[%emt 0:15:16]} (7. N1c3 $16) 7... Bg4 {[%emt 0:09:43]} 8. Qa4 {[%emt 0:16:56]} a6 {[%emt 0:01:13]} (8... Nd7 $5 {[%cal Rd7c5]} 9. Be3 Nc5 10. Bxc5 dxc5 $15) 9. Be3 {[%emt 0:06:01]} Qd8 {[%emt 0:00:19]} 10. N5c3 {[%emt 0:03:58]} Bd7 {[%emt 0:02:34]} 11. Qb3 {[%emt 0:12:59]} Ne5 {[%emt 0:08:15]} 12. Nd5 {[%emt 0:06:29]} Nxd5 {[%emt 0:01:03]} 13. exd5 {[%emt 0:00:06]} Nxd3+ {[%emt 0:00:15]} 14. Qxd3 {[%emt 0:00:07]} b5 {[%emt 0:00:55]} 15. Nc3 {[%emt 0:02:28]} bxc4 {[%emt 0:03:48]} 16. Qxc4 {[%emt 0:00:41]} e5 {[%emt 0:03:45]} 17. dxe6 $1 {[%emt 0:05:19]} fxe6 {[%emt 0:00:09]} 18. O-O $11 {[%emt 0:10:05]} Be7 {[%emt 0:00:12]} 19. a4 {[%emt 0:04:08]} O-O {[%emt 0:00:36]} 20. Rfd1 {[%emt 0:00:44]} Qc8 {[%emt 0:02:20]} 21. Qd3 {[%emt 0:02:04]} Rb8 {[%emt 0:02:36]} 22. Bd4 {[%emt 0:01:49]} Rb4 {[%emt 0:14:37]} 23. Qg3 {[%emt 0:00:52]} Rf7 {[%emt 0:02:30]} 24. Rac1 {[%emt 0:00:35]} Qb7 {[%emt 0:01:11]} 25. a5 {[%emt 0:00:15]} e5 {[%emt 0:06:07]} 26. Nd5 {[%emt 0:00:32]} Qxd5 {[%emt 0:05:49]} 27. Bc3 {[%emt 0:00:10]} Rd4 {[%emt 0:00:50]} 28. Bxd4 {[%emt 0:00:11]} exd4 {[%emt 0:00:08]} 29. Qd3 {[%emt 0:01:15]} Bc6 {[%emt 0:07:35]} 30. f3 {[%emt 0:00:03]} Bg5 {[%emt 0:00:41]} 31. Rc4 {[%emt 0:01:17]} Be3+ {[%emt 0:01:33]} 32. Kh1 {[%emt 0:00:33]} Qxf3 {[%emt 0:03:59]} 0-1

[Event "41th GRE-ch Women 2018"]
[Site "Thessaloniki"]
[Date "2018.12.14"]
[Round "3"]
[White "Androni, Konstantina"]
[Black "Markantonaki, Haritomeni"]
[Result "0-1"]
[WhiteElo "1912"]
[BlackElo "2152"]
[Annotator "TA"]
[PlyCount "112"]
[EventDate "2018.12.12"]
[EventType "tourn"]
[EventCountry "GRE"]
[SourceTitle "playchess.com"]
[Source "ChessBase"]
[SourceQuality "1"]

{[%evp 11,112,7,12,-8,14,20,14,-35,8,0,0,0,-5,-8,23,-42,-25,-75,-72,-74,-61,-88,-104,-112,-102,-95,-68,-65,-77,-104,29,20,40,45,33,26,37,39,41,31,69,0,56,21,80,-56,-72,-160,-162,-112,-150,-216,-213,-216,-216,-216,-216,-214,-208,-320,-304,-327,-310,-352,-339,-386,-383,-379,-379,-379,-379,-452,-365,-527,-520,-804,-804,-1597,-1434,-29951,-4795,-29973,-29974,-29974,-29976,-29975,-29976,-29976,-29977,-29979,-29979,-29979,-29980,-29981,-29980,-29981,-29981,-29993,-29993,-29994,-29994,-29994,-29995]} 1. d4 Nf6 2. Bg5 e6 3. e4 h6 4. Bxf6 Qxf6 5. Nf3 d6 6. Nc3 g5 {LiveBook: 49 Games} 7. Qd3 {A46: 1 d4 Nf6 2 Nf3 e6: Torre, London and Colle Systems} (7. e5 dxe5 8. Nxe5 Bg7 9. Be2 Nd7 10. Nb5 Qd8 11. Nxd7 Bxd7 12. c3 O-O 13. O-O Qc8 14. Kh1 Rd8 15. f4 gxf4 16. Rxf4 {0-1 (36) Wantola,I (2315)-Fedorchuk,S (2623) Leiden 2017}) 7... a6 $146 ({Predecessor:} 7... g4 8. Nd2 Bg7 9. Nb3 Bd7 10. Be2 Nc6 11. O-O-O O-O-O 12. f3 e5 13. Nd5 Qg5+ 14. Kb1 f5 {0-1 (40) Cukier,M (2150)-Matsuura,E (2415) Americana 1995}) 8. O-O-O Bg7 9. g3 {The position is equal.} Nc6 10. Bg2 Bd7 11. e5 Qe7 12. exd6 cxd6 13. d5 (13. Rhe1 $11) 13... Nb4 $15 14. Qc4 Bxc3 15. bxc3 Nxd5 16. Rhe1 Rc8 17. Qd4 Nf6 $1 18. Nd2 {Strongly threatening Ne4.} O-O 19. h4 g4 20. Bxb7 {[%mdl 64] Double Attack} Rb8 (20... Rc7 $1 $17 {White must now prevent ...d5.} 21. Bxa6 Ra8) 21. Ne4 $36 {[%mdl 2048] White has good play.} Nxe4 22. Bxe4 d5 23. Bd3 f5 24. Kd2 Qd6 25. Qe3 Kg7 26. Qd4+ (26. Rb1 $14) 26... Kf7 (26... Kg8 $11) 27. Re5 Bb5 (27... Qb6 $11 {keeps the balance.}) 28. Bxf5 (28. Rde1 $1 $16 Rbe8 29. Qf4 Bxd3 30. Rxf5+ $1 {[%mdl 512]} (30. cxd3 Qa3 $11) 30... Ke7 31. cxd3 (31. Kxd3 Qxf4 32. Rxf4 Rxf4 $11)) 28... exf5 $15 29. Rxf5+ ({Better is} 29. Rde1) 29... Kg6 30. Qxg4+ Kh7 {...Be2! is the strong threat.} 31. Rxf8 (31. Qf3 $17 {was worth a try.}) 31... Rxf8 $19 ({Resist} 31... Qxf8 32. Qd4 $17) 32. Qd4 Qf6 33. Qxf6 Rxf6 {[%mdl 4096] Endgame KRB-KR} 34. Ke3 Bc4 35. a3 {[#]} (35. Rb1 $142) 35... Re6+ $1 36. Kf4 Re2 {[%mdl 64] Double Attack} 37. f3 Rxc2 38. Rb1 Rxc3 39. Rb7+ Kg8 40. Rb8+ Kf7 41. Rb7+ Ke8 42. Rb8+ (42. a4 $142 Be2 43. Rb8+ Kd7 44. Ke5) 42... Kd7 43. Rh8 (43. Ke5 $142 Rxf3 44. Rb7+ Kc6 45. Rh7) 43... d4 44. Rxh6 d3 45. Ke5 Rc2 46. Rd6+ Ke7 {Black mates.} 47. Rd4 Re2+ 48. Kf5 d2 49. h5 Bb3 50. g4 d1=Q 51. Rxd1 Bxd1 52. g5 Rh2 53. h6 Bxf3 54. Kg6 Be4+ 55. Kg7 Rg2 56. h7 {[#]} Bxh7 $1 {Accuracy: White = 24%, Black = 67%.} 0-1

[Event "41th GRE-ch Women 2018"]
[Site "Thessaloniki"]
[Date "2018.12.14"]
[Round "3"]
[White "Tsivelekidou, Evgenia"]
[Black "Makka, Ioulia"]
[Result "0-1"]
[WhiteElo "1861"]
[BlackElo "2065"]
[Annotator "NA RC"]
[PlyCount "126"]
[EventDate "2018.12.12"]
[EventType "tourn"]
[EventCountry "GRE"]
[SourceTitle "playchess.com"]
[Source "ChessBase"]
[SourceQuality "1"]
[TimeControl "40/5400+30:1800+30"]

1. d4 {[%emt 0:00:00]} Nf6 {[%emt 0:00:00]} 2. c4 {[%emt 0:00:00]} e6 {[%emt 0:00:00]} 3. g3 {[%emt 0:00:00]} Bb4+ {[%emt 0:00:18]} 4. Bd2 {[%emt 0:00:00]} Qe7 {[%emt 0:00:10]} 5. Bg2 {[%emt 0:00:13]} Nc6 {[%emt 0:01:03]} 6. e3 {[%emt 0:00:46]} d5 {[%emt 0:04:44] LiveBook: 4 Games E00: Catalan Bogo-Indian (3 g3 Bb4+)} (6... O-O 7. Ne2 d5 8. O-O dxc4 9. Qc2 Bd6 10. Qxc4 e5 11. d5 Nb8 12. Nbc3 a6 13. a4 Re8 14. e4 {0-1 (64) Socko,B (2593)-Wang,Y (2690) Riadh 2017}) 7. Nf3 {[%emt 0:04:46]} O-O {[%emt 0:08:00]} 8. O-O {[%emt 0:01:49]} b6 {[%emt 0:08:47]} 9. Qa4 $146 {[%emt 0:09:20]} ({Predecessor:} 9. Qc2 Bb7 10. a3 Bxd2 11. Nbxd2 a5 12. Rac1 Rfd8 13. Rfd1 Rac8 14. Qb3 {½-½ (28) Urban,K (2470)-Pedzich,D (2445) Poznan 1996}) 9... Bb7 {[%emt 0:08:39]} 10. Ne5 {[%emt 0:07:23]} Bxd2 $1 {[%emt 0:02:25]} 11. Nxc6 {[%emt 0:02:50]} Qd7 {[%emt 0:01:41]} 12. Nxd2 {[%emt 0:07:23]} Bxc6 {[%emt 0:02:50]} 13. Qc2 {[%emt 0:02:03]} dxc4 {[%emt 0:08:29]} 14. Bxc6 {[%emt 0:02:33]} Qxc6 {[%emt 0:00:05]} 15. Qxc4 {[%emt 0:00:57]} Qd7 {[%emt 0:14:47]} 16. Rfd1 {[%emt 0:03:56]} Rfc8 {[%emt 0:01:22]} 17. b4 {[%emt 0:06:46]} a5 {[%emt 0:04:25]} 18. a3 {[%emt 0:03:14]} axb4 {[%emt 0:06:33]} 19. axb4 {[%emt 0:00:21]} Ra4 $11 {[%emt 0:01:28]} 20. Rxa4 {[%emt 0:11:17]} Qxa4 {[%emt 0:00:06]} 21. Rc1 {[%emt 0:00:49]} b5 {[%emt 0:07:20]} 22. Qb3 {[%emt 0:03:48]} Nd5 {[%emt 0:03:44]} 23. Rb1 {[%emt 0:03:05]} Qxb3 {[%emt 0:04:01]} 24. Rxb3 {[%emt 0:02:28]} Ra8 {[%emt 0:01:11]} 25. e4 {[%emt 0:04:09]} Ne7 {[%emt 0:00:24]} 26. Nb1 {[%emt 0:03:34]} Ra1 {[%emt 0:04:57]} 27. Kg2 {[%emt 0:00:53]} f5 {[%emt 0:02:12]} 28. Nc3 {[%emt 0:03:05]} fxe4 {[%emt 0:00:58]} 29. Nxb5 {[%emt 0:01:07]} Nd5 {[%emt 0:00:52]} 30. Nc3 {[%emt 0:02:11]} e3 {[%emt 0:01:14]} 31. fxe3 {[%emt 0:01:05]} Nxe3+ {[%emt 0:00:22]} 32. Kf3 {[%emt 0:01:19]} Nf5 {[%emt 0:00:59]} 33. Nb5 {[%emt 0:04:56]} c6 {[%emt 0:00:18]} 34. g4 {[%emt 0:04:02]} cxb5 {[%emt 0:00:52]} 35. gxf5 {[%emt 0:00:03]} Rf1+ {[%emt 0:00:59]} 36. Kg3 {[%emt 0:01:47]} Rxf5 {[%emt 0:00:32]} 37. Rc3 {[%emt 0:01:14]} Kf7 {[%emt 0:00:31]} 38. Rc7+ {[%emt 0:00:58]} Kf6 {[%emt 0:00:10]} 39. Rb7 {[%emt 0:00:25]} h6 {[%emt 0:00:51]} 40. h4 {[%emt 0:00:00]} g6 {[%emt 0:00:00]} 41. Rh7 {[%emt 0:04:39]} h5 {[%emt 0:05:32]} 42. Rh8 {[%emt 0:01:45]} Rd5 {[%emt 0:01:06]} 43. Rf8+ {[%emt 0:00:56]} Ke7 {[%emt 0:01:51]} 44. Rf4 {[%emt 0:04:04]} Rf5 {[%emt 0:02:12]} 45. Re4 {[%emt 0:00:25]} Kd6 {[%emt 0:00:41]} 46. Re3 {[%emt 0:02:04]} Kd5 {[%emt 0:02:03]} 47. Re1 {[%emt 0:01:43]} g5 {[%emt 0:06:51]} 48. hxg5 {[%emt 0:01:08]} Rxg5+ {[%emt 0:00:08]} 49. Kh3 {[%emt 0:07:44]} Kxd4 {[%emt 0:03:44]} 50. Rxe6 {[%emt 0:00:15]} Kc3 {[%emt 0:00:36]} 51. Re4 {[%emt 0:01:09]} Rg4 {[%emt 0:01:20]} 52. Re5 {[%emt 0:00:59]} Kxb4 {[%emt 0:00:22]} 53. Rxh5 {[%emt 0:00:25]} Rg8 {[%emt 0:00:11]} 54. Rh7 {[%emt 0:00:56]} Kb3 {[%emt 0:00:21]} 55. Rb7 {[%emt 0:00:19]} b4 {[%emt 0:00:09]} 56. Kh4 {[%emt 0:00:11]} Ka3 {[%emt 0:01:05]} 57. Ra7+ {[%emt 0:00:15]} Kb2 {[%emt 0:00:11]} 58. Rb7 {[%emt 0:00:08]} b3 {[%emt 0:00:10]} 59. Rb6 {[%emt 0:00:09]} Ka2 {[%emt 0:00:32]} 60. Ra6+ {[%emt 0:00:04]} Kb1 {[%emt 0:00:13]} 61. Rb6 {[%emt 0:00:07]} b2 {[%emt 0:00:12]} 62. Rb7 {[%emt 0:00:08]} Ra8 {[%emt 0:00:34]} 63. Kg4 {[%emt 0:00:23]} Ka1 {[%emt 0:00:15]} 0-1